Jours écris à l'envers (sruoj) - Statistiques

Statistiques générales
  • Ce quiz a été pris 175 fois
  • Le résultat moyen est 5 sur 7
Statistiques - réponses
Jours % Correct
idnul
98%
idram
94%
iduej
84%
idercrem
68%
idemas
43%
iderdnev
40%
ehcnamid
23%
Aucun quiz correspondant
Distribution des résultats
% des personnes avec chaque résultat
Percentile par nombre de réponses
Votre historique - résultats
Vous n’avez pas pris ce quiz